| 000 | 00530nam a2200205Ia 4500 | ||
|---|---|---|---|
| 003 | STCL | ||
| 008 | 221019s9999 xx 000 0 und d | ||
| 020 | _a9783319116433 | ||
| 040 |
_aSTCL _cSTCL _bEN |
||
| 082 | _222 | ||
| 100 | _aInglis, Michael | ||
| 245 | 0 | _aAstrophysics is easy: An introduction for the amateur astronomer | |
| 250 | _a2 | ||
| 260 |
_bSpringer _aLondon _c2015 |
||
| 300 | _a302 p | ||
| 365 | _b3651.09 | ||
| 440 | _aPatrick moore practical astronomy series | ||
| 546 | _aEnglish | ||
| 942 |
_cBK _2DDC _e22 |
||
| 999 |
_c88740 _d88740 |
||